000 00210nam a2200085Ia 4500
008 120527s9999 xx 000 0 und d
100 _aPasser & Smith
245 _aPsychology:frontier and application
942 _cBK
999 _c27576
_d27576